Yo me casé contigo (Registro nro. 70021)
[ vista simple ]
| 000 -LÍDER | |
|---|---|
| Campo fijo de descripción fija | 01203nab a2200229 i 4500 |
| 001 - NÚMERO DE CONTROL | |
| Campo de control | 768714001 |
| 003 - IDENTIFICADOR DEL NÚMERO DE CONTROL | |
| Campo de control | CO-MdFUSB |
| 005 - FECHA Y HORA DE LA ULTIMA TRANSACCIÓN | |
| control field | 20240531103600.0 |
| 008 - ELEMENTOS DE LONGITUD FIJA -- INFORMACIÓN GENERAL | |
| Campo fijo de descripción fija -- Información general | 240531t1975 ag ||||| |||| 00| 0 spa d |
| 040 ## - FUENTE DE CATALOGACIÓN | |
| Idioma de catalogación | spa |
| Agencia que realiza la transcripción | CO-MdFUSB |
| Agencia que realiza la modificación | CO-MdFUSB |
| 041 ## - CÓDIGO DE IDIOMA | |
| Código de idioma para texto/pista de sonido o título separado | spa |
| 100 ## - ASIENTO PRINCIPAL--NOMBRE PERSONAL | |
| Nombre personal | Ferrari, Ariel, |
| Fechas asociadas con el nombre | 1948-2018 |
| Término relacionador | autor |
| 245 ## - TÍTULO | |
| Título | Yo me casé contigo |
| Mención de responsabilidad | / Ariel Ferrari |
| 520 ## - NOTA DE RESUMEN, ETC. | |
| Nota de sumario, etc. | Los escritos de Walter Trobisch sobre sexo, amor y matrimonio se encuentran entre los textos pastorales más fiables y conocidos de todos los tiempos. En ellos esbozan un sinfín de situaciones, donde la sabiduría del autor explica lugares oscuros del matrimonio y promueve la madurez de los protagonistas principales, las jóvenes parejas africanas. A continuación, se presenta algunos de los conceptos básicos de Walter Trobisch, expuesto en su libro I married you (Yo me casé contigo). |
| 650 #7 - ASIENTO SECUNDARIO DE MATERIA - TERMINO TEMÁTICO | |
| Término temático o nombre geográfico como elemento de entrada | Matrimonio |
| 9 (RLIN) | 300 |
| 650 #7 - ASIENTO SECUNDARIO DE MATERIA - TERMINO TEMÁTICO | |
| Término temático o nombre geográfico como elemento de entrada | Amor |
| 9 (RLIN) | 366 |
| 650 #7 - ASIENTO SECUNDARIO DE MATERIA - TERMINO TEMÁTICO | |
| Término temático o nombre geográfico como elemento de entrada | Dios |
| 9 (RLIN) | 178 |
| 650 #0 - ASIENTO SECUNDARIO DE MATERIA - TERMINO TEMÁTICO | |
| Término temático o nombre geográfico como elemento de entrada | Sexo |
| 9 (RLIN) | 1346 |
| 773 0# - ASIENTO DE ITEM FUENTE | |
| Biblionumber | 69974 |
| Itemnumber | 82717 |
| Lugar, editorial y fecha de publicación | Buenos Aires |
| Otro identificador del ítem | R2609 |
| Título | Certeza |
| Número de control del registro | (CO-MdFUSB)768714001 |
| Parte(s) relacionada(s) / Volumen., número. (mes año), páginas | Número 59, (julio - septiembre, 1975) páginas: 82 - 85 |
| Enumeración y primera página | página: 82 |
| 942 ## - TIPO DE MATERIAL (KOHA) | |
| Tipo de Item KOHA | Artículos de Revista |
| 945 ## - INFORMACIÓN LOCAL DEL REGISTRO | |
| Catalogador | Catherine Arias Álvarez - Practicante SENA |
No hay ítems disponibles.
